|
|
|
|
| LEADER |
01437nam a2200361Ia 4500 |
| 001 |
EBC3014318 |
| 003 |
MiAaPQ |
| 005 |
20200520144314.0 |
| 006 |
m o d | |
| 007 |
cr cn||||||||| |
| 008 |
070813s2006 dcua sb i000 0 eng d |
| 035 |
|
|
|a (MiAaPQ)EBC3014318
|
| 035 |
|
|
|a (Au-PeEL)EBL3014318
|
| 035 |
|
|
|a (CaPaEBR)ebr10380679
|
| 035 |
|
|
|a (CaONFJC)MIL382556
|
| 035 |
|
|
|a (OCoLC)805507787
|
| 040 |
|
|
|a MiAaPQ
|c MiAaPQ
|d MiAaPQ
|
| 050 |
|
4 |
|a HF1713
|b .F58 2006
|
| 245 |
0 |
0 |
|a Fiscal implications of multilateral tariff cuts
|h [electronic resource] /
|c [prepared by] Katrin Elborgh-Woytek ... [et al.].
|
| 260 |
|
|
|a [Washington, D.C.] :
|b International Monetary Fund, Policy Development and Review Dept.,
|c 2006.
|
| 300 |
|
|
|a 36 p. :
|b ill.
|
| 490 |
1 |
|
|a IMF working paper ;
|v WP/06/203
|
| 500 |
|
|
|a "September 2006."
|
| 504 |
|
|
|a Includes bibliographical references (p. 22-25).
|
| 533 |
|
|
|a Electronic reproduction. Ann Arbor, MI : ProQuest, 2015. Available via World Wide Web. Access may be limited to ProQuest affiliated libraries.
|
| 650 |
|
0 |
|a Free trade.
|
| 650 |
|
0 |
|a Tariff.
|
| 655 |
|
4 |
|a Electronic books.
|
| 700 |
1 |
|
|a Elborgh-Woytek, Katrin.
|
| 710 |
2 |
|
|a International Monetary Fund.
|b Policy Development and Review Dept.
|
| 710 |
2 |
|
|a ProQuest (Firm)
|
| 830 |
|
0 |
|a IMF working paper ;
|v WP/06/203.
|
| 856 |
4 |
0 |
|u https://ebookcentral.proquest.com/lib/matrademy/detail.action?docID=3014318
|z Click to View
|